[Event "LJEM M-V 2025 u16"]
[Site "Malchow"]
[Date "2025.02.03"]
[Round "4.2"]
[White "Peilert, Maximilian"]
[Black "Chandrasekher, Ritu"]
[Result "1-0"]
[WhiteElo "1742"]
[BlackElo "1640"]
[Time "08:30:00"]
[WhiteTeam "Think Rochade - SC HRO"]
[BlackTeam "TuS Makkabi Rostock"]

1.d4 d5 2.c4 e6 3.Nf3 Nf6 4.g3 Be7 5.Bg2 O-O 6.O-O dxc4 7.Ne5 Nbd7 8.Nxc4 
c5 9.dxc5 Nxc5 10.Qc2 Bd7 11.Rd1 Qc8 12.Ne5 Bb5 13.Nc3 Ncd7 14.Qb3 Ba6 15.
Bf4 Nxe5 16.Bxe5 Ng4 17.Bd6 Bxd6 18.Rxd6 Rb8 19.Rad1 Qc5 20.Ne4 Qf5 21.h3 
Ne5 22.g4 Qg6 23.f4 Nc4 24.Rxa6 bxa6 25.Qxc4 Rxb2 26.Qxa6 h5 27.Bf3 hxg4 
28.hxg4 Qh6 29.Qxa7 Qxf4 30.a4 Rfb8 31.a5 Rb1 32.Qd4 Rxd1+ 33.Qxd1 f5 34.
Qd6 Qe3+ 35.Kg2 Rb1 36.Qxe6+ Kf8 37.Qxf5+ Ke7 38.Qe5+ Kf8 39.Qc5+ Qxc5 40.
Nxc5 Ra1 41.a6 Ke7 42.Bb7 Kd6 43.Ne4+ Ke7 44.e3 Ra5 45.Kf3 g5 46.Nf6 Kd6 
47.Nd5 Kd7 48.Nb4 Kc7 49.Nc6 Ra4 50.Nd4 Ra5 51.Ke4 Kb6 52.Nf3 Ra3 53.Nxg5 
Ra5 54.Kf4 1-0

[Event "LJEM M-V 2025 u16"]
[Site "Malchow"]
[Date "2025.02.03"]
[Round "4.5"]
[White "Eschrig, Immanuel"]
[Black "Tank, Julian"]
[Result "1/2-1/2"]
[WhiteElo "1701"]
[BlackElo "1685"]
[Time "08:30:00"]
[WhiteTeam "Greifswalder SV"]
[BlackTeam "Think Rochade - SC HRO"]

1.e4 c5 2.Nc3 d6 3.f4 Nc6 4.Nf3 e6 5.Bb5 Bd7 6.d3 Be7 7.O-O a6 8.Bxc6 Bxc6
9.Qe1 Nf6 10.Qg3 Qc7 11.a3 O-O-O 12.b4 c4 13.Rb1 cxd3 14.cxd3 Qb6+ 15.Kh1 
Bd7 16.Bd2 Kb8 17.Rfc1 Rc8 18.Nd4 Qxd4 19.Be3 Qxc3 20.Rxc3 Rxc3 21.e5 dxe5
22.Qxg7 Rhc8 23.fxe5 Nd5 24.Qg3 Rxa3 25.Bd4 Nxb4 26.Qf3 Rxd3 27.Qe4 Bc6 
28.Qf4 Be8 29.Bg1 Nc6 30.Qe4 Rd5 31.h3 Nxe5 32.Qe2 Bb5 33.Qa2 Bd6 34.Rb2 
Nd3 35.Rb3 Nc1 36.Qf2 Bc5 37.Bh2+ Ka8 38.Qxf7 Rd1+ 39.Bg1 Rxg1+ 40.Kh2 
Nxb3 41.Qxe6 Rb8 42.Qxb3 Bc6 43.Kg3 Rxg2+ 44.Kh4 Be8 45.Qxb7+ 1/2-1/2

[Event "LJEM M-V 2025 u16"]
[Site "Malchow"]
[Date "2025.02.03"]
[Round "4.6"]
[White "Stepanjan, Tatevik Mia"]
[Black "Briese, Paul"]
[Result "0-1"]
[WhiteElo "1607"]
[BlackElo "1607"]
[Time "08:30:00"]
[WhiteTeam "ESV 1888 Wittenberge"]
[BlackTeam "SAV Torgelow-Drögeheide 90"]

1.e4 e5 2.Nf3 Nc6 3.Bb5 a6 4.Ba4 Bc5 5.Nc3 d6 6.h3 Nf6 7.d3 b5 8.Bb3 h6 9.
a4 b4 10.Nd5 a5 11.Bd2 Rb8 12.Bc4 Nxd5 13.Bxd5 Ne7 14.Bc4 O-O 15.Qc1 Ng6 
16.Bxh6 gxh6 17.Qxh6 Qf6 18.Ng5 Qg7 19.Qxg7+ Kxg7 20.h4 f6 21.Nf3 Rh8 22.
g3 Nf8 23.g4 Ne6 24.Bxe6 Bxe6 25.Ke2 Kf7 26.Rag1 Ke7 27.g5 fxg5 28.hxg5 
Rxh1 29.Rxh1 Rg8 30.Rg1 Bf7 31.Nh4 Bg6 32.Rg2 c6 33.c4 Bb6 34.f3 Ke6 35.
Kf1 Bd8 36.Kf2 Kf7 37.Ke3 Bh7 38.f4 exf4+ 39.Kxf4 Bg6 40.Nf5 Ke6 41.Nd4+ 
Kd7 42.Nf5 Rh8 43.Nh6 Rf8+ 44.Ke3 Rf1 45.Kd2 Ra1 46.Kc2 Rh1 47.Ng4 Ke6 48.
Nh2 Bb6 49.Kd2 Rg1 50.Rxg1 Bxg1 51.Nf3 Bb6 52.Ke1 Bd8 53.Kf2 Bh5 54.b3 
Bxf3 55.Kxf3 Bxg5 56.d4 c5 57.d5+ Ke5 58.Kg4 Bd2 59.Kf3 Bc1 60.Ke2 Kxe4 
61.Kd1 Bg5 62.Kc2 Kd4 63.Kb2 Kd3 64.Kb1 Kc3 65.Ka2 Be7 0-1

[Event "LJEM M-V 2025 u16"]
[Site "Malchow"]
[Date "2025.02.03"]
[Round "4.7"]
[White "Grundmann, Max"]
[Black "Pommerehncke, Marla"]
[Result "1/2-1/2"]
[WhiteElo "1546"]
[BlackElo "1219"]
[Time "08:30:00"]
[WhiteTeam "Think Rochade - SC HRO"]
[BlackTeam "TuS Makkabi Rostock"]

1.d4 Nf6 2.c4 e6 3.Nf3 c5 4.a3 Nc6 5.d5 exd5 6.cxd5 Ne7 7.Nc3 d6 8.e4 Ng6 
9.Bb5+ Bd7 10.Bxd7+ Nxd7 11.O-O Nge5 12.Nxe5 Nxe5 13.f4 Ng6 14.Qa4+ Qd7 
15.Qxd7+ Kxd7 16.Re1 Re8 17.b4 b6 18.g3 f5 1/2-1/2

[Event "LJEM M-V 2025 u16"]
[Site "Malchow"]
[Date "2025.02.03"]
[Round "4.8"]
[White "Troschke, Bennet"]
[Black "Wellßow, Lio Keanu"]
[Result "0-1"]
[WhiteElo "1387"]
[BlackElo "1518"]
[Time "08:30:00"]
[WhiteTeam "Greifswalder SV"]
[BlackTeam "HSG Stralsund"]

1.e4 e6 2.d4 d5 3.Nc3 Nf6 4.e5 Nfd7 5.f4 c5 6.Nf3 Qb6 7.Na4 Qa5+ 8.c3 b5 
9.b4 Qxa4 10.bxc5 Qxd1+ 11.Kxd1 a6 12.a4 bxa4 13.Rxa4 Nc6 14.c4 Nxc5 15.
dxc5 Bxc5 16.cxd5 exd5 17.Ba3 Bxa3 18.Rxa3 O-O 19.h3 Bf5 20.Rxa6 Rxa6 21.
Bxa6 Ra8 22.Bb7 Ra1+ 23.Ke2 Rxh1 24.Bxc6 Be4 25.Ne1 Kf8 26.Kf2 Ke7 27.Nf3 
Rc1 28.Nd4 Rc4 29.Ke3 Bxg2 30.Nf5+ Kf8 31.Nd4 Rc3+ 32.Kf2 Bxh3 33.Bb5 h5 
34.Nf3 Bg4 35.Nh2 d4 36.Nxg4 hxg4 37.Be2 g3+ 38.Kg1 d3 39.Bg4 Rc1+ 40.Kg2 
d2 41.Kxg3 d1=Q 42.Bxd1 Rxd1 43.Kg4 Ke7 44.f5 f6 45.e6 Rg1+ 46.Kf4 g6 47.
Ke4 gxf5+ 48.Kxf5 Rf1+ 0-1

[Event "LJEM M-V 2025 u16"]
[Site "Malchow"]
[Date "2025.02.03"]
[Round "4.9"]
[White "Garde, Edgar Emil"]
[Black "Tadewaldt, Stanley Fiete"]
[Result "0-1"]
[WhiteElo "1214"]
[BlackElo "1279"]
[Time "08:30:00"]
[WhiteTeam "TuS Makkabi Rostock"]
[BlackTeam "SAV Torgelow-Drögeheide 90"]

1.e4 c6 2.Nf3 d5 3.d4 Bg4 4.Nc3 e6 5.a3 Ne7 6.Be2 dxe4 7.Nxe4 Nf5 8.Be3 
Nxe3 9.fxe3 Be7 10.O-O O-O 11.Ne5 Bxe2 12.Qxe2 Nd7 13.Nd3 Qc7 14.Nec5 Nxc5
15.dxc5 Rad8 16.b4 e5 17.Qg4 g6 18.Qc4 Rd5 19.c3 Kg7 20.e4 Rd7 21.g3 f6 
22.Nf2 b6 23.cxb6 Qxb6 24.Qe6 Rc7 25.Rfd1 c5 26.Qxb6 axb6 27.b5 Rd8 28.
Rxd8 Bxd8 29.Nd3 Rd7 30.Nb2 Kf7 31.Rf1 Rd2 32.Nd1 Re2 33.Nf2 Ra2 34.Rd1 
Ke7 35.Ng4 Bc7 36.Ne3 Bd8 37.Nc4 Rc2 38.Nd6 Bc7 39.Nf7 Rxc3 40.Nh6 Rxa3 
41.Rf1 Ke6 42.Ng4 Bd8 43.h4 0-1

[Event "LJEM M-V 2025 u16"]
[Site "Malchow"]
[Date "2025.02.03"]
[Round "4.10"]
[White "Baerens, Lennart"]
[Black "König, Luca"]
[Result "1/2-1/2"]
[WhiteElo "1131"]
[BlackElo "1246"]
[Time "08:30:00"]
[WhiteTeam "SF Schwerin"]
[BlackTeam "Think Rochade - SC HRO"]

1.Nf3 d5 2.d4 Nf6 3.g3 c5 4.c3 Nc6 5.Bg2 e6 6.O-O b6 7.Bg5 h6 8.Bf4 Bb7 9.
Nbd2 cxd4 10.cxd4 Bd6 11.Bxd6 Qxd6 12.Rc1 O-O 13.Re1 Rac8 14.Qa4 a6 15.a3 
b5 16.Qd1 Ne4 17.e3 Nxd2 18.Nxd2 b4 19.Qb3 Qe7 20.Rc2 Na5 21.Qa4 Rxc2 22.
Qxc2 bxa3 23.Qa4 Nc4 24.Nxc4 dxc4 25.Bxb7 Qxb7 26.Qxa3 Rb8 27.Re2 Qb3 
1/2-1/2

[Event "LJEM M-V 2025 u16"]
[Site "Malchow"]
[Date "2025.02.04"]
[Round "5.1"]
[White "Peilert, Maximilian"]
[Black "Herrmann, Jakob"]
[Result "0-1"]
[WhiteElo "1742"]
[BlackElo "2255"]
[Time "08:30:00"]
[WhiteTeam "Think Rochade - SC HRO"]
[BlackTeam "SAV Torgelow-Drögeheide 90"]

1.d4 d5 2.c4 e6 3.Nf3 Nf6 4.g3 Bb4+ 5.Bd2 Be7 6.Bg2 O-O 7.O-O Nbd7 8.Qc2 
Ne4 9.Bf4 c6 10.Nbd2 g5 11.Be3 f5 12.Ne1 Qe8 13.Nd3 Qh5 14.Nf3 Ndf6 15.
Nfe5 Bd7 16.Bf3 Qe8 17.h4 f4 18.gxf4 gxh4 19.f5 Kh8 20.Nxd7 Nxd7 21.fxe6 
Qg6+ 22.Kh1 Qxe6 23.Nf4 Rxf4 24.Bxf4 Qh3+ 25.Bh2 Bd6 0-1

[Event "LJEM M-V 2025 u16"]
[Site "Malchow"]
[Date "2025.02.04"]
[Round "5.3"]
[White "Natsagdorj, Zelme"]
[Black "Eschrig, Immanuel"]
[Result "1-0"]
[WhiteElo "1738"]
[BlackElo "1701"]
[Time "08:30:00"]
[WhiteTeam "SC Mecklenburger Springer"]
[BlackTeam "Greifswalder SV"]

1.Nf3 Nc6 2.d4 d6 3.d5 Nb8 4.e4 Nf6 5.Nc3 g6 6.Be3 Bg7 7.h3 O-O 8.Bc4 Nbd7
9.O-O Nb6 10.Bb3 Re8 11.Nd2 c6 12.dxc6 bxc6 13.f4 Ba6 14.Rf3 Nbd7 15.Nf1 
Bf8 16.g4 e6 17.Ng3 Kh8 18.Qd2 d5 19.e5 Ng8 20.Bf2 Nh6 21.g5 Ng8 22.Nce2 
Bxe2 23.Qxe2 h6 24.h4 h5 25.c3 Bg7 26.Bc2 Ne7 27.Rd1 Qa5 28.Bb3 Qc7 29.Qd3
Bxe5 30.fxe5 Nxe5 31.Qe3 Nxf3+ 32.Qxf3 Nf5 33.Nxf5 exf5 34.Bd4+ Kh7 35.Bc2
Re6 36.Bxf5 gxf5 37.Qxh5+ 1-0

[Event "LJEM M-V 2025 u16"]
[Site "Malchow"]
[Date "2025.02.04"]
[Round "5.4"]
[White "Tank, Julian"]
[Black "Briese, Paul"]
[Result "1-0"]
[WhiteElo "1685"]
[BlackElo "1607"]
[Time "08:30:00"]
[WhiteTeam "Think Rochade - SC HRO"]
[BlackTeam "SAV Torgelow-Drögeheide 90"]

1.d4 d5 2.c4 e6 3.Nc3 Nf6 4.cxd5 exd5 5.Bg5 Be7 6.Nf3 O-O 7.e3 b6 8.Bd3 
Bb7 9.O-O Nbd7 10.Re1 Re8 11.Rc1 c5 12.h3 c4 13.Bb1 a6 14.a4 Rc8 15.Bf4 
Bb4 16.Rf1 Bxc3 17.bxc3 Ne4 18.Bxe4 Rxe4 19.Ng5 Re7 20.Bd6 Re6 21.Nxe6 
fxe6 22.Qg4 Qf6 23.Bg3 Bc6 24.Ra1 b5 25.axb5 Bxb5 26.Rfe1 Qf7 27.Bh4 h6 
28.e4 Re8 29.e5 Nb6 30.Re3 Kh7 31.Rf3 Qg6 32.Qxg6+ Kxg6 33.g4 Ra8 34.Be7 
Re8 35.Bb4 Na4 36.Kg2 Nb2 37.Kg3 Nd3 38.Rf8 Rxf8 39.Bxf8 Kf7 40.Bd6 g5 41.
h4 gxh4+ 42.Kxh4 Nf4 43.Bb4 Nd3 44.Kg3 Kg7 45.f4 Kg6 46.Rh1 Nxb4 47.cxb4 
Bd7 48.Ra1 Bb5 49.Kh4 Kf7 50.Kh5 Kg7 51.f5 exf5 52.gxf5 Be8+ 53.Kg4 Bb5 
54.Kf4 Kf7 55.Rh1 c3 56.Rc1 1-0

[Event "LJEM M-V 2025 u16"]
[Site "Malchow"]
[Date "2025.02.04"]
[Round "5.6"]
[White "Wrage, Julius"]
[Black "Stepanjan, Tatevik Mia"]
[Result "1/2-1/2"]
[WhiteElo "1208"]
[BlackElo "1607"]
[Time "08:30:00"]
[WhiteTeam "SAV Torgelow-Drögeheide 90"]
[BlackTeam "ESV 1888 Wittenberge"]

1.e4 c5 2.c3 Nc6 3.d4 cxd4 4.cxd4 e6 5.Nc3 Bb4 6.Nf3 Nf6 7.Bd3 h6 8.O-O 
O-O 9.h3 b6 10.a3 Be7 11.Be3 Bb7 12.e5 Ne8 13.Nh2 d6 14.f4 dxe5 15.dxe5 
Nc7 16.Be4 Na5 17.Bxb7 Nxb7 18.Qf3 Qc8 19.Rac1 Bc5 20.b4 Bxe3+ 21.Qxe3 Qe8
22.Qf3 Rb8 23.Rfd1 a5 24.Ng4 axb4 25.axb4 Na6 26.Rd4 Qe7 27.Qe4 Rbc8 28.
Rc2 Rfd8 29.Rxd8+ Rxd8 30.Ne3 Nxb4 31.Rb2 Nd3 32.Rxb6 Nbc5 33.Qf3 Qa7 34.
Rb1 Qa3 35.Nb5 Qa2 36.Rd1 Qb3 37.Nd6 Qb4 38.Nec4 Qc3 39.Qh5 Rf8 40.Rf1 
Qd4+ 41.Kh2 Nxf4 42.Qf3 Ng6 43.Re1 Qf4+ 44.Qxf4 Nxf4 45.Ne4 Nxe4 46.Rxe4 
Nd5 47.g4 Ra8 48.Re2 Ra4 49.Nd6 Ra3 50.Rf2 Ra7 51.Rb2 Ra8 52.Rb7 Rf8 53.h4
Nf4 54.Kg3 Nd3 55.Rb5 Rd8 56.g5 hxg5 57.hxg5 Nxe5 58.Ne4 Nd3 59.Rb1 Ne5 
60.Kf4 Ng6+ 61.Kg4 Rd4 62.Kf3 Rd3+ 63.Kg4 Rd8 64.Rb7 Rf8 65.Rb6 Re8 66.Rb7
Kf8 67.Nd6 Ne7 68.Nxe8 Kxe8 69.Rb8+ Kd7 70.Rf8 f6 71.gxf6 gxf6 72.Rxf6 Kd6
73.Kf3 Ke5 74.Rf8 Nf5 75.Re8 Nd4+ 76.Ke3 Nf5+ 77.Kd3 Nd6 78.Ra8 Nb7 79.Ra7
Nc5+ 80.Ke3 Kd5 1/2-1/2

[Event "LJEM M-V 2025 u16"]
[Site "Malchow"]
[Date "2025.02.04"]
[Round "5.7"]
[White "Wellßow, Lio Keanu"]
[Black "Grundmann, Max"]
[Result "0-1"]
[WhiteElo "1518"]
[BlackElo "1546"]
[Time "08:30:00"]
[WhiteTeam "HSG Stralsund"]
[BlackTeam "Think Rochade - SC HRO"]

1.d4 Nf6 2.c4 e6 3.Nf3 b6 4.Nc3 Bb7 5.d5 Bb4 6.Bg5 h6 7.Bxf6 Qxf6 8.Rc1 
exd5 9.cxd5 Qf5 10.Qd4 Bxc3+ 11.Qxc3 O-O 12.Qe5 Qxe5 13.Nxe5 Bxd5 14.Rxc7 
Bxa2 15.e3 d6 16.Nc4 Rd8 17.Na3 Bd5 18.Bc4 Bxc4 19.Rxc4 Na6 20.O-O Kf8 21.
Rd1 Nc5 22.Nb5 a6 23.Nxd6 Ke7 24.Rcd4 g6 25.g3 Ne6 26.Rd5 Ra7 27.f4 Rad7 
28.Nc8+ Ke8 29.Nxb6 Rxd5 30.Rxd5 Rb8 31.Nc4 Rb4 32.Nd6+ Ke7 33.Rd2 Nc5 34.
Nc8+ Ke6 35.Rd6+ Kf5 36.Ne7+ Ke4 37.Nd5 Rxb2 38.Nc3+ Kf3 39.Rd1 Rc2 40.Nd5
Rg2+ 41.Kh1 Ne4 42.Rf1+ Nf2+ 43.Rxf2+ Rxf2 44.Nb4 Rf1# 0-1

[Event "LJEM M-V 2025 u16"]
[Site "Malchow"]
[Date "2025.02.04"]
[Round "5.8"]
[White "Tadewaldt, Stanley Fiete"]
[Black "Troschke, Bennet"]
[Result "1-0"]
[WhiteElo "1279"]
[BlackElo "1387"]
[Time "08:30:00"]
[WhiteTeam "SAV Torgelow-Drögeheide 90"]
[BlackTeam "Greifswalder SV"]

1.e4 e5 2.Nf3 Nc6 3.Bc4 Nf6 4.d3 d5 5.exd5 Nxd5 6.O-O Bg4 7.Nbd2 Nf4 8.h3 
Bf5 9.Ne4 Bd6 10.Re1 O-O 11.d4 exd4 12.Nxd4 Nxd4 13.Qxd4 Ne2+ 14.Bxe2 Bh2+
15.Kxh2 Qxd4 16.Bd3 Bxe4 17.Rxe4 Qxf2 18.Be3 Qf6 19.Bd4 Qc6 20.Rf1 Rfe8 
21.Rh4 h6 22.Rhf4 Qd6 23.g3 Re7 24.Bc4 Rf8 25.Rg4 g6 26.Rf6 Re2+ 27.Bxe2 
Qe7 28.Bc4 Kh7 29.Rgf4 1-0

[Event "LJEM M-V 2025 u16"]
[Site "Malchow"]
[Date "2025.02.04"]
[Round "5.9"]
[White "Pommerehncke, Marla"]
[Black "Baerens, Lennart"]
[Result "1-0"]
[WhiteElo "1219"]
[BlackElo "1131"]
[Time "08:30:00"]
[WhiteTeam "TuS Makkabi Rostock"]
[BlackTeam "SF Schwerin"]

1.d4 Nf6 2.Nf3 e6 3.Bf4 b6 4.e3 Bb7 5.Nbd2 Be7 6.c3 O-O 7.h3 h6 8.Bd3 c5 
9.O-O cxd4 10.exd4 d6 11.Re1 Qd7 12.Ne4 Bxe4 13.Bxe4 Nxe4 14.Rxe4 d5 15.
Ne5 Qe8 16.Re3 g5 17.Bh2 Bd6 18.f4 f6 19.Nd3 Nd7 20.f5 Bxh2+ 21.Kxh2 Qb8+ 
22.Kg1 exf5 23.Qh5 Re8 24.Qg6+ Kf8 25.Qxh6+ Kg8 26.Qg6+ Kf8 27.Rxe8+ Qxe8 
28.Qxf5 Qe3+ 29.Kh1 Ke7 30.Re1 1-0

[Event "LJEM M-V 2025 u16"]
[Site "Malchow"]
[Date "2025.02.04"]
[Round "5.10"]
[White "König, Luca"]
[Black "Garde, Edgar Emil"]
[Result "1-0"]
[WhiteElo "1246"]
[BlackElo "1214"]
[Time "08:30:00"]
[WhiteTeam "Think Rochade - SC HRO"]
[BlackTeam "TuS Makkabi Rostock"]

1.b3 d5 2.Bb2 Bf5 3.e3 e6 4.Nf3 Nf6 5.Be2 Bd6 6.O-O O-O 7.Nh4 Nbd7 8.Nxf5 
exf5 9.d4 Re8 10.Nc3 a6 11.Bf3 c6 12.Re1 Ne4 13.Nxe4 fxe4 14.Be2 Qh4 15.g3
Qg5 16.c4 f5 17.Kh1 Nf6 18.c5 Bc7 19.b4 h5 20.a4 h4 21.Bc3 hxg3 22.hxg3 
Kf7 23.Bd2 Rh8+ 24.Kg2 Ng4 25.Bxg4 fxg4 26.Qe2 b6 27.a5 Raf8 28.Rh1 Rh3 
29.Rxh3 gxh3+ 30.Kh2 Ke7 31.Rh1 Rxf2+ 32.Qxf2 Bxg3+ 33.Qxg3 Qxg3+ 1-0

[Event "LJEM M-V 2025 u16"]
[Site "Malchow"]
[Date "2025.02.04"]
[Round "6.2"]
[White "Natsagdorj, Zelme"]
[Black "Peilert, Maximilian"]
[Result "0-1"]
[WhiteElo "1738"]
[BlackElo "1742"]
[Time "14:30:00"]
[WhiteTeam "SC Mecklenburger Springer"]
[BlackTeam "Think Rochade - SC HRO"]

1.Nf3 d5 2.g3 c5 3.Bg2 f6 4.d4 cxd4 5.Qxd4 e5 6.Qd1 Nc6 7.O-O Be6 8.e3 Qd7
9.b3 Bc5 10.Bb2 Nge7 11.c3 g5 12.b4 Bb6 13.Na3 Ng6 14.Qe2 Bg4 15.Qe1 e4 
16.Nd4 Nge5 17.Nac2 Nd3 18.Qb1 Bxd4 19.exd4 Be2 20.Re1 Nxe1 21.Qxe1 Bh5 
22.Ne3 O-O 23.Ba3 b5 24.Qd2 f5 25.Nf1 f4 26.Re1 Bf3 27.h3 Bxg2 28.Kxg2 f3+
29.Kh2 Qf5 30.Ne3 Qe6 31.Ng4 Qg6 32.Bc1 h6 33.Ne3 Rad8 34.Qb2 Ne7 35.Qb3 
Qc6 36.Bb2 Rf7 37.Ng4 Qd6 38.Ne5 Rg7 39.Rxe4 Rf8 40.Re3 Ng6 41.Nd3 Re7 42.
Rxe7 Nxe7 43.Ne5 Nc6 44.Ng4 h5 45.Ne3 Ne7 46.Bc1 h4 47.Qc2 hxg3+ 48.fxg3 
f2 49.Nf1 Qe6 50.Bxg5 Ng6 51.Be3 Qf6 52.Qb3 Qf3 53.Qc2 Kg7 54.Qd3 a6 55.a3
Ne7 56.g4 Ng6 57.Qd2 Rh8 58.Ng3 f1=N+ 0-1

[Event "LJEM M-V 2025 u16"]
[Site "Malchow"]
[Date "2025.02.04"]
[Round "6.3"]
[White "Tank, Julian"]
[Black "Brandt, Mattis"]
[Result "1/2-1/2"]
[WhiteElo "1685"]
[BlackElo "1568"]
[Time "14:30:00"]
[WhiteTeam "Think Rochade - SC HRO"]
[BlackTeam "Greifswalder SV"]

1.e4 e5 2.Nf3 Nc6 3.Bc4 Nf6 4.d3 d6 5.Nc3 Bg4 6.Be3 Na5 7.Bb3 Nxb3 8.axb3 
a6 9.O-O Be7 10.h3 Bh5 11.d4 Nd7 12.Nd5 Bf6 13.Re1 c6 14.Nxf6+ Qxf6 15.g4 
Qg6 16.Kh1 Bxg4 17.hxg4 Qxg4 18.dxe5 dxe5 19.Bd2 Nf6 20.Nh2 Qh4 21.Qf3 
O-O-O 22.Bc3 Rhe8 23.Qf5+ Re6 24.Bxe5 Nh5 25.Qg4 Qxg4 26.Nxg4 Rd2 27.c4 
Rd3 28.Bc3 Rg6 29.Re3 Rxc3 30.bxc3 Rxg4 31.Rh3 g6 32.f3 Rg3 33.Kh2 Rxh3+ 
34.Kxh3 Nf4+ 35.Kg4 Ne2 36.Rh1 h5+ 37.Kg5 Kd7 38.Rd1+ Ke7 39.Rd3 f6+ 40.
Kh6 h4 41.Rd2 Nf4 42.Rh2 1/2-1/2

[Event "LJEM M-V 2025 u16"]
[Site "Malchow"]
[Date "2025.02.04"]
[Round "6.5"]
[White "Pommerehncke, Marla"]
[Black "Tadewaldt, Stanley Fiete"]
[Result "1-0"]
[WhiteElo "1219"]
[BlackElo "1279"]
[Time "14:30:00"]
[WhiteTeam "TuS Makkabi Rostock"]
[BlackTeam "SAV Torgelow-Drögeheide 90"]

1.d4 Nf6 2.Nf3 g6 3.Bf4 Bg7 4.e3 d6 5.h3 O-O 6.c3 Nbd7 7.Nbd2 Re8 8.Be2 e5
9.dxe5 dxe5 10.Bh2 e4 11.Nd4 c5 12.N4b3 b6 13.O-O Ne5 14.Nc4 Nxc4 15.Bxc4 
Be6 16.Be2 Re7 17.Qxd8+ Rxd8 18.Bb5 Bd7 19.Rfd1 Ne8 20.Rd2 Be5 21.Bxe5 
Rxe5 22.Rxd7 Rxd7 23.Bxd7 Nf6 24.Bb5 Rd5 25.Be2 Nd7 26.Rd1 Rxd1+ 27.Bxd1 
Ne5 28.Nd2 f5 29.f3 exf3 30.Nxf3 Nc4 31.Bb3 b5 32.Ne5 Kg7 33.Nxc4 bxc4 34.
Bxc4 1-0

[Event "LJEM M-V 2025 u16"]
[Site "Malchow"]
[Date "2025.02.04"]
[Round "6.6"]
[White "Briese, Paul"]
[Black "Wrage, Julius"]
[Result "1-0"]
[WhiteElo "1607"]
[BlackElo "1208"]
[Time "14:30:00"]
[WhiteTeam "SAV Torgelow-Drögeheide 90"]
[BlackTeam "SAV Torgelow-Drögeheide 90"]

1.e4 d5 2.exd5 Nf6 3.d4 Nxd5 4.Nf3 Bg4 5.Be2 Nc6 6.c3 e6 7.Nbd2 Be7 8.Nc4 
f6 9.Ne3 Bh5 10.Qb3 Rb8 11.c4 Nf4 12.d5 exd5 13.cxd5 Bxf3 14.Bxf3 Nd4 15.
Qa4+ Qd7 16.Qxd4 Ng6 17.O-O c5 18.Qe4 O-O 19.Nf5 Rfe8 20.Bh5 Bd6 21.Qc2 
Re5 22.Bxg6 hxg6 23.Nxd6 Qxd6 24.Bf4 1-0

[Event "LJEM M-V 2025 u16"]
[Site "Malchow"]
[Date "2025.02.04"]
[Round "6.7"]
[White "Eschrig, Immanuel"]
[Black "König, Luca"]
[Result "1-0"]
[WhiteElo "1701"]
[BlackElo "1246"]
[Time "14:30:00"]
[WhiteTeam "Greifswalder SV"]
[BlackTeam "Think Rochade - SC HRO"]

1.e4 c5 2.Nc3 d6 3.f4 g6 4.Nf3 Nc6 5.Bc4 Bg7 6.d3 Bg4 7.Bxf7+ Kf8 8.Bd5 
Bd4 9.h3 Bxf3 10.Qxf3 Qb6 11.f5 Nf6 12.fxg6 hxg6 13.Bg5 Bxc3+ 14.bxc3 Kg7 
15.Bxf6+ exf6 16.Rf1 Raf8 17.g4 Ne5 18.Qe3 Qb2 19.Kd2 Nxg4 20.Qf4 Ne5 21.
Rab1 g5 22.Qf5 Qa3 23.Rxb7+ Kh6 24.Qe6 Kg6 25.Qe7 1-0

[Event "LJEM M-V 2025 u16"]
[Site "Malchow"]
[Date "2025.02.04"]
[Round "6.8"]
[White "Stepanjan, Tatevik Mia"]
[Black "Chandrasekher, Ritu"]
[Result "1/2-1/2"]
[WhiteElo "1607"]
[BlackElo "1640"]
[Time "14:30:00"]
[WhiteTeam "ESV 1888 Wittenberge"]
[BlackTeam "TuS Makkabi Rostock"]

1.e4 c6 2.d4 d5 3.exd5 cxd5 4.Bd3 Nc6 5.c3 Nf6 6.Bf4 Bg4 7.Qb3 Qc8 8.Nd2 
e6 9.Ngf3 Be7 10.O-O O-O 11.h3 Bh5 12.Rfe1 a6 13.Qc2 Bg6 14.Bxg6 hxg6 15.
Ne5 b5 16.Qc1 b4 17.Ndf3 bxc3 18.bxc3 Na5 19.Rb1 Nc4 20.Nxc4 Qxc4 21.Qd2 
Ne4 22.Qb2 Qxc3 23.Qb7 Bf6 24.Rb3 Qc2 25.Rb2 Qa4 26.Rf1 Nc3 27.Qb3 Qxb3 
28.axb3 Nb5 29.Rd1 Rfc8 30.Rd3 Rc3 31.Rxc3 Nxc3 32.Rc2 Nb5 33.Be3 Nd6 34.
Rc6 Nf5 35.g4 Nxe3 36.fxe3 a5 37.g5 Bd8 38.h4 Rb8 39.Rc3 f6 40.Kg2 Kf7 41.
Kg3 Ke7 42.Kg4 Kd6 43.Kf4 Bc7 44.e4 dxe4 1/2-1/2

[Event "LJEM M-V 2025 u16"]
[Site "Malchow"]
[Date "2025.02.04"]
[Round "6.9"]
[White "Baerens, Lennart"]
[Black "Wellßow, Lio Keanu"]
[Result "0-1"]
[WhiteElo "1131"]
[BlackElo "1518"]
[Time "14:30:00"]
[WhiteTeam "SF Schwerin"]
[BlackTeam "HSG Stralsund"]

1.Nf3 d5 2.d4 c5 3.c3 Nf6 4.g3 Nc6 5.Bg2 Bf5 6.O-O e6 7.Bf4 Qb6 8.Qd2 Ne4 
9.Qc1 cxd4 10.cxd4 Nxd4 11.Nxd4 Qxd4 12.e3 Qb4 13.a3 Qa5 14.b4 Bxb4 15.Bc7
Qa6 16.Rd1 O-O 17.Qb2 Be7 18.Bf1 b5 19.Bxb5 Qb7 20.Be5 f6 21.f3 Nc5 22.Bd4
Rab8 23.a4 a6 24.Qc3 axb5 25.Bxc5 Rfc8 26.Nd2 Bxc5 27.Kg2 bxa4 28.Rxa4 Qb5
0-1

[Event "LJEM M-V 2025 u16"]
[Site "Malchow"]
[Date "2025.02.04"]
[Round "6.10"]
[White "Troschke, Bennet"]
[Black "Garde, Edgar Emil"]
[Result "1-0"]
[WhiteElo "1387"]
[BlackElo "1214"]
[Time "14:30:00"]
[WhiteTeam "Greifswalder SV"]
[BlackTeam "TuS Makkabi Rostock"]

1.e4 c6 2.d4 d5 3.exd5 cxd5 4.Bd3 Nc6 5.c3 e6 6.Bf4 Nf6 7.Nf3 Bd6 8.Bxd6 
Qxd6 9.Nbd2 O-O 10.O-O b6 11.Re1 Re8 12.Ne5 Nd7 13.Bxh7+ Kf8 14.Ndf3 Ndxe5
15.Nxe5 Nxe5 16.Rxe5 g6 17.Qg4 Kg7 18.Bxg6 fxg6 19.Rae1 Bd7 20.R1e3 Re7 
21.h4 Rf7 22.h5 Rf6 23.Rh3 Rh8 24.Qg5 Kf7 25.h6 Qe7 26.Rg3 Kf8 27.Ree3 Be8
28.Ref3 Rxf3 29.Rxf3+ Bf7 30.Qxg6 Ke8 31.Qg3 Rxh6 32.Qb8+ Qd8 33.Qxd8+ 
Kxd8 34.Rxf7 a5 35.Rb7 e5 36.dxe5 Re6 37.f4 Kc8 38.Rg7 Re8 39.g4 Rd8 40.e6
d4 41.cxd4 Rxd4 42.f5 Kd8 43.Rd7+ Rxd7 44.exd7 Kxd7 45.Kf2 Ke7 46.Ke3 Kf6 
47.Kd4 Kg5 48.Kc4 Kxg4 49.f6 1-0

[Event "LJEM M-V 2025 u16"]
[Site "Malchow"]
[Date "2025.02.05"]
[Round "7.1"]
[White "Herrmann, Jakob"]
[Black "Tank, Julian"]
[Result "1-0"]
[WhiteElo "2255"]
[BlackElo "1685"]
[Time "08:30:00"]
[WhiteTeam "SAV Torgelow-Drögeheide 90"]
[BlackTeam "Think Rochade - SC HRO"]

1.Nf3 d5 2.g3 c6 3.Bg2 g6 4.O-O Bg7 5.d4 Nf6 6.c4 O-O 7.cxd5 cxd5 8.Ne5 
Nc6 9.Nxc6 bxc6 10.Nc3 Bf5 11.Bf4 Re8 12.Rc1 Rc8 13.h3 Ne4 14.Na4 f6 15.
Be3 e5 16.Kh2 a6 17.a3 Kh8 18.g4 Be6 19.dxe5 fxe5 20.Bxe4 dxe4 21.Qxd8 
Rexd8 22.Nc5 Bd5 23.Nxa6 Bf8 24.Bc5 Bh6 25.e3 Bg7 26.Bb6 Rd7 27.Nc5 Rf7 
28.a4 Rcf8 29.Kg2 Bf6 30.a5 Bd8 31.b3 Bxb6 32.axb6 Rb8 33.b7 Rbxb7 34.Nxb7
Rxb7 35.Rc3 Rxb3 36.Rxb3 Bxb3 37.Rb1 Bd5 38.g5 Kg7 39.Rb7+ Kh8 40.Rc7 Kg8 
41.Kf1 1-0

[Event "LJEM M-V 2025 u16"]
[Site "Malchow"]
[Date "2025.02.05"]
[Round "7.3"]
[White "Brandt, Mattis"]
[Black "Natsagdorj, Zelme"]
[Result "1-0"]
[WhiteElo "1568"]
[BlackElo "1738"]
[Time "08:30:00"]
[WhiteTeam "Greifswalder SV"]
[BlackTeam "SC Mecklenburger Springer"]

1.e4 e5 2.Nf3 Nc6 3.Bc4 Bc5 4.c3 Nf6 5.d4 exd4 6.cxd4 Bb4+ 7.Nc3 Nxe4 8.
O-O Bxc3 9.d5 Ne7 10.bxc3 O-O 11.Re1 Nf6 12.d6 Ng6 13.Bg5 h6 14.Nh4 Nxh4 
15.Bxh4 Re8 16.Qf3 cxd6 17.Bxf6 Rxe1+ 18.Rxe1 Qxf6 19.Re8+ Kh7 20.Bd3+ 1-0

[Event "LJEM M-V 2025 u16"]
[Site "Malchow"]
[Date "2025.02.05"]
[Round "7.5"]
[White "Grundmann, Max"]
[Black "Eschrig, Immanuel"]
[Result "1/2-1/2"]
[WhiteElo "1546"]
[BlackElo "1701"]
[Time "08:30:00"]
[WhiteTeam "Think Rochade - SC HRO"]
[BlackTeam "Greifswalder SV"]

1.d4 Nc6 2.d5 Ne5 3.f4 Ng6 4.Nc3 e5 5.f5 N6e7 6.e4 g6 7.fxg6 Nxg6 8.Nf3 
Bc5 9.Na4 Qe7 10.Bd3 a6 11.Nxc5 Qxc5 12.Bg5 f6 13.Bd2 Qb6 14.Bc3 Nf4 15.
Qd2 d6 16.O-O-O Bg4 17.Rdf1 O-O-O 18.g3 Nxd3+ 19.cxd3 Ne7 20.Nh4 Rdf8 21.
h3 Bd7 22.g4 Ng6 23.Nf5 Bxf5 24.Rxf5 Nf4 25.d4 h6 1/2-1/2

[Event "LJEM M-V 2025 u16"]
[Site "Malchow"]
[Date "2025.02.05"]
[Round "7.6"]
[White "Tadewaldt, Stanley Fiete"]
[Black "Briese, Paul"]
[Result "0-1"]
[WhiteElo "1279"]
[BlackElo "1607"]
[Time "08:30:00"]
[WhiteTeam "SAV Torgelow-Drögeheide 90"]
[BlackTeam "SAV Torgelow-Drögeheide 90"]

1.e4 e5 2.Nf3 Nc6 3.Bc4 Bc5 4.c3 Nf6 5.d4 exd4 6.e5 d5 7.Bb5 Ne4 8.cxd4 
Bb4+ 9.Bd2 Nxd2 10.Nbxd2 O-O 11.O-O Bd7 12.Qb3 Bxd2 13.Nxd2 Nxd4 14.Qxd5 
Bxb5 15.Qxb7 Bxf1 16.Nxf1 Ne6 17.Qf3 Qd4 18.Qc3 Qxc3 19.bxc3 h6 20.h3 Rab8
21.g3 Rb2 22.Ne3 Rfb8 23.Kg2 Rb1 24.Rxb1 Rxb1 25.f4 Rb2+ 26.Kf3 Rxa2 27.
Ke4 a5 0-1